[Event "10th Philadelphia Open"]
[Site "Philadelphia"]
[Date "2016.03.24"]
[Round "3.1"]
[White "Kadric, Denis"]
[Black "Javakhadze, Zurab"]
[Result "1/2-1/2"]
[WhiteElo "2546"]
[BlackElo "2453"]
[PlyCount "132"]
[EventDate "2016.03.??"]
[EventType "swiss"]
[EventRounds "9"]
[EventCountry "USA"]
[Source "MonRoi"]
[WhiteClock "0:13:51"]
[BlackClock "0:03:04"]

1. e4 c5 2. Nc3 Nc6 3. Nge2 e5 4. Ng3 g6 5. Bc4 Bg7 6. d3 d6 7. h4 h5 8. Bg5
Bf6 9. Qd2 Bxg5 10. hxg5 Nge7 11. O-O-O Be6 12. f4 exf4 13. Nge2 Qd7 14. Nxf4
O-O-O 15. Ncd5 Ne5 16. Bb3 Nxd5 17. Nxd5 Bxd5 18. Bxd5 Rhf8 19. d4 cxd4 20.
Qxd4 Kb8 21. Rh3 Nc6 22. Qf6 Qe7 23. Rb3 Qxf6 24. gxf6 Kc7 25. Rdd3 Rd7 26.
Rdc3 Rc8 27. Rc4 Kd8 28. Ra3 Rdc7 29. Bxc6 bxc6 30. Rd4 Rd7 31. Ra6 Rcc7 32.
Rc4 c5 33. Rca4 Rb7 34. Rc6 Rb5 35. c4 Rb8 36. Raa6 h4 37. b3 Rbb7 38. Kd2 Ke8
39. Ke3 Rd8 40. Rxd6 Rxd6 41. Rxd6 Rb6 42. Rxb6 axb6 43. Kf4 Kd7 44. Ke5 Kc6
45. a3 Kd7 46. b4 b5 47. cxb5 c4 48. Kd4 g5 49. e5 g4 50. b6 h3 51. gxh3 g3 52.
e6+ Kxe6 53. b7 g2 54. b8=Q g1=Q+ 55. Kxc4 Qc1+ 56. Kb5 Qxa3 57. Qd8 Kf5 58. h4
Kg6 59. h5+ Kh7 60. Qd5 Qa7 61. Qc6 Qd4 62. Qf3 Kh6 63. Ka4 Qa1+ 64. Kb3 Qb1+
65. Kc4 Qc2+ 66. Kb5 Qf5+ 1/2-1/2

[Event "10th Philadelphia Open"]
[Site "Philadelphia"]
[Date "2016.03.24"]
[Round "3.3"]
[White "Balakrishnan, Praveen"]
[Black "Chandra, Akshat"]
[Result "1/2-1/2"]
[WhiteElo "2377"]
[BlackElo "2491"]
[PlyCount "51"]
[EventDate "2016.03.??"]
[EventType "swiss"]
[EventRounds "9"]
[EventCountry "USA"]
[Source "MonRoi"]
[WhiteClock "0:34:45"]
[BlackClock "0:32:40"]

1. e4 c5 2. Nf3 e6 3. d4 cxd4 4. Nxd4 Nc6 5. Nc3 Qc7 6. Be3 a6 7. Be2 b5 8.
Nxc6 Qxc6 9. Bf3 Bb7 10. e5 Qc7 11. O-O Rc8 12. Bxb7 Qxb7 13. Qd3 f5 14. exf6
Nxf6 15. Bd4 Be7 16. Bxf6 gxf6 17. Rad1 Rg8 18. g3 f5 19. Rfe1 h5 20. Qe2 h4
21. Qh5+ Kf8 22. Nd5 hxg3 23. hxg3 Rg7 24. Nxe7 Rxe7 25. Qh8+ Kf7 26. Qh7+
1/2-1/2

[Event "10th Philadelphia Open"]
[Site "Philadelphia"]
[Date "2016.03.24"]
[Round "3.4"]
[White "Li, Ruifeng"]
[Black "Wang, Kevin"]
[Result "1-0"]
[WhiteElo "2486"]
[BlackElo "2323"]
[PlyCount "91"]
[EventDate "2016.03.??"]
[EventType "swiss"]
[EventRounds "9"]
[EventCountry "USA"]
[Source "MonRoi"]
[WhiteClock "0:34:11"]
[BlackClock "0:08:48"]

1. e4 e5 2. Nf3 Nc6 3. d4 exd4 4. Nxd4 Bb4+ 5. c3 Bc5 6. Nb3 Bb6 7. Bf4 d6 8.
N1d2 Qf6 9. Bg3 h5 10. h4 Bg4 11. f3 Be6 12. Qc2 Nge7 13. O-O-O O-O-O 14. Nc4
d5 15. Nxb6+ axb6 16. Bb5 dxe4 17. Qxe4 Qg6 18. Qxg6 Nxg6 19. Rxd8+ Rxd8 20.
Rd1 Nge5 21. Rxd8+ Kxd8 22. Nd2 f6 23. b3 Bf5 24. Ne4 Nd7 25. Kd2 Bxe4 26. fxe4
Nce5 27. Be2 g6 28. b4 c6 29. a4 Ke7 30. Ke3 Ke6 31. Kd4 Ke7 32. Bd1 Nf8 33.
Bb3 Ne6+ 34. Bxe6 Kxe6 35. Bxe5 fxe5+ 36. Kc4 Kd6 37. g3 Kd7 38. b5 Kc7 39.
bxc6 bxc6 40. Kb4 Kb7 41. c4 Ka6 42. c5 b5 43. axb5+ cxb5 44. c6 Kb6 45. c7
Kxc7 46. Kxb5 1-0

[Event "10th Philadelphia Open"]
[Site "Philadelphia"]
[Date "2016.03.24"]
[Round "3"]
[White "Colas, Joshua"]
[Black "Panchanathan, Magesh"]
[Result "1/2-1/2"]
[WhiteElo "2374"]
[BlackElo "2550"]
[PlyCount "176"]
[EventDate "2016.03.??"]
[EventType "swiss"]
[EventRounds "9"]
[EventCountry "USA"]
[Source "MonRoi"]

1. d4 Nf6 2. Nf3 e6 3. e3 b6 4. Bd3 Bb7 5. b3 d5 6. Bb2 Bd6 7. O-O Nbd7 8. Nbd2
O-O 9. Ne5 Ne4 10. Nxd7 Qxd7 11. f3 Nxd2 12. Qxd2 c5 13. c3 e5 14. f4 cxd4 15.
cxd4 e4 16. Be2 a5 17. a4 Ba6 18. Bxa6 Rxa6 19. Qe2 Raa8 20. Rfc1 Rfc8 21. h3
h6 22. Qf1 Bb4 23. Qe2 Kf8 24. Kh2 Qd6 25. Qd1 g5 26. g3 Kg7 27. Rxc8 Rxc8 28.
Rc1 Rg8 29. fxg5 hxg5 30. Qg4 Kh6 31. Rf1 f6 32. Kg2 Rg7 33. Qc8 Kh7 34. Qf5+
Kg8 35. Qc8+ Kh7 36. Qf5+ Kh8 37. Rc1 Re7 38. Qg6 Qe6 39. Rf1 Rf7 40. g4 Be7
41. Rf5 Rg7 42. Qe8+ Rg8 43. Qb5 Rc8 44. Rf2 Kg7 45. Qf1 Qd6 46. Qb5 Bd8 47.
Qe8 Rb8 48. Qb5 Bc7 49. Kf1 Rh8 50. Ba3 Qd8 51. Kg2 Bb8 52. Qc6 Kf7 53. Rf5 Kg6
54. Qe6 Re8 55. Qc6 Rh8 56. Qe6 Re8 57. Rxd5 Qc8 58. Qf5+ Qxf5 59. gxf5+ Kh6
60. Rd7 Rc8 61. Bd6 Rc2+ 62. Kg3 Bxd6+ 63. Rxd6 Re2 64. Rxf6+ Kh5 65. Rxb6
Rxe3+ 66. Kg2 Rd3 67. Rb5 Rd2+ 68. Kf1 Rd3 69. f6 Kg6 70. f7 Kxf7 71. Rxg5 Rxb3
72. h4 Rb4 73. Rxa5 Rxd4 74. Ke2 Kg6 75. Ke3 Rc4 76. Ra8 Kh5 77. a5 Ra4 78. a6
Kh6 79. h5 Kh7 80. Kf4 Kg7 81. a7 Kh7 82. h6 e3+ 83. Kxe3 Ra3+ 84. Kf4 Ra4+ 85.
Kg5 Ra5+ 86. Kf6 Ra6+ 87. Kf7 Ra1 88. Ke7 Re1+ 1/2-1/2

[Event "10th Philadelphia Open"]
[Site "Philadelphia"]
[Date "2016.03.24"]
[Round "3"]
[White "Mandizha, Farai"]
[Black "Indjic, Aleksandar"]
[Result "0-1"]
[WhiteElo "2364"]
[BlackElo "2542"]
[PlyCount "118"]
[EventDate "2016.03.??"]
[EventType "swiss"]
[EventRounds "9"]
[EventCountry "USA"]
[Source "MonRoi"]

1. d4 Nf6 2. Bf4 d6 3. e3 g6 4. h3 c5 5. c3 Qb6 6. Qb3 Be6 7. dxc5 Bxb3 8. cxb6
axb6 9. Na3 Be6 10. Nf3 Nd5 11. Nb5 Na6 12. Bh2 Ndc7 13. Ng5 Bd5 14. e4 Bc6 15.
Nxc7+ Nxc7 16. Bc4 e6 17. O-O-O h6 18. Nf3 Bxe4 19. Bxd6 Bxd6 20. Rxd6 b5 21.
Bb3 Bxf3 22. gxf3 Ke7 23. Rb6 Rhb8 24. c4 bxc4 25. Bxc4 Ra4 26. Bb3 Rf4 27. Bd1
Nd5 28. Rb5 Rc8+ 29. Kb1 Rb4 30. Rxb4 Nxb4 31. a3 Nd3 32. Bc2 Nf4 33. h4 f5 34.
Bb3 Kf6 35. Rd1 g5 36. h5 Rc7 37. Ba4 Rc5 38. Bb3 Nxh5 39. Rh1 Kg6 40. Bxe6 Nf4
41. Bd7 h5 42. Be8+ Kh6 43. a4 h4 44. Bb5 h3 45. Bd7 Kg6 46. Rg1 Rd5 47. Be8+
Kf6 48. Kc2 Rd3 49. Rh1 Rxf3 50. Rh2 g4 51. a5 Nd3 52. Bb5 Rxf2+ 53. Rxf2 Nxf2
54. Bc6 g3 55. Bxb7 g2 56. a6 g1=Q 57. a7 Qd1+ 58. Kc3 Qd3+ 59. Kb4 Qd4+ 0-1

[Event "10th Philadelphia Open"]
[Site "Philadelphia"]
[Date "2016.03.24"]
[Round "3"]
[White "Margvelashvili, Giorgi"]
[Black "Morrison, William"]
[Result "1-0"]
[WhiteElo "2532"]
[BlackElo "2281"]
[PlyCount "49"]
[EventDate "2016.03.??"]
[EventType "swiss"]
[EventRounds "9"]
[EventCountry "USA"]
[Source "MonRoi"]

1. Nf3 Nf6 2. c4 c5 3. Nc3 b6 4. d4 cxd4 5. Nxd4 Bb7 6. f3 e6 7. e4 d6 8. Be2
Be7 9. O-O O-O 10. Be3 a6 11. Qd2 Nbd7 12. a4 Rc8 13. a5 bxa5 14. Nb3 Qc7 15.
Nxa5 Ba8 16. Rfc1 Rb8 17. Na4 Nc5 18. b4 Nxa4 19. Rxa4 Nd7 20. Raa1 f5 21. exf5
Rxf5 22. Nb3 Rh5 23. Rxa6 d5 24. f4 Bxb4 25. Qa2 1-0

[Event "10th Philadelphia Open"]
[Site "Philadelphia"]
[Date "2016.03.24"]
[Round "3"]
[White "Berczes, David"]
[Black "Furfine, Jacob"]
[Result "1/2-1/2"]
[WhiteElo "2482"]
[BlackElo "2272"]
[PlyCount "27"]
[EventDate "2016.03.??"]
[EventType "swiss"]
[EventRounds "9"]
[EventCountry "USA"]
[Source "MonRoi"]

1. c4 e6 2. Nf3 Nf6 3. g3 d5 4. Bg2 Be7 5. O-O O-O 6. b3 c5 7. Bb2 Nc6 8. e3 b6
9. Nc3 Ba6 10. d3 Rc8 11. Qe2 Qd7 12. Rfd1 Rfd8 13. Rac1 h6 14. h3 1/2-1/2

[Event "10th Philadelphia Open"]
[Site "Philadelphia"]
[Date "2016.03.24"]
[Round "3"]
[White "Mulyar, Michael"]
[Black "Jacobson, Brandon"]
[Result "1-0"]
[WhiteElo "2398"]
[BlackElo "2241"]
[PlyCount "117"]
[EventDate "2016.03.??"]
[EventType "swiss"]
[EventRounds "9"]
[EventCountry "USA"]
[Source "MonRoi"]

1. d4 Nf6 2. Nf3 g6 3. c4 Bg7 4. g3 O-O 5. Bg2 d5 6. cxd5 Nxd5 7. O-O Nb6 8.
Nc3 Nc6 9. e3 Re8 10. a3 a5 11. Ne1 e5 12. d5 Nb8 13. e4 Nc4 14. Nd3 b6 15. a4
Ba6 16. b4 Nd7 17. Re1 Nd6 18. Ba3 Nc4 19. Bc1 Nd6 20. Rb1 Rb8 21. Bh3 f5 22.
b5 Bb7 23. f3 Qf6 24. Rb2 Qf7 25. Rf2 Re7 26. Rff1 Rbe8 27. Bg5 Bf6 28. Qc1
Bxg5 29. Qxg5 Qf6 30. Qxf6 Nxf6 31. Rf2 Kg7 32. Rfe2 Nd7 33. Rc1 Bc8 34. Bg2
Nb7 35. d6 cxd6 36. Nd5 Rf7 37. Rc6 fxe4 38. fxe4 Ndc5 39. Nxc5 bxc5 40. Rf2
Rxf2 41. Kxf2 Rf8+ 42. Ke1 Be6 43. Rc7+ Rf7 44. b6 c4 45. Bf1 Bxd5 46. exd5 Nc5
47. Bxc4 Nd7 48. Rc6 Rf6 49. b7 Nb8 50. Rc8 Rf8 51. Bb5 Kf7 52. Ke2 h6 53. Kd3
Ke7 54. Kc4 Rd8 55. Bc6 Rf8 56. Kb5 e4 57. Rxf8 Kxf8 58. Kb6 e3 59. Bb5 1-0

[Event "10th Philadelphia Open"]
[Site "Philadelphia"]
[Date "2016.03.24"]
[Round "3"]
[White "Schmakel, Sam"]
[Black "Zaloznyy, Mike"]
[Result "0-1"]
[WhiteElo "2323"]
[BlackElo "2150"]
[PlyCount "60"]
[EventDate "2016.03.??"]
[EventType "swiss"]
[EventRounds "9"]
[EventCountry "USA"]
[Source "MonRoi"]

1. d4 d5 2. c4 e6 3. Nf3 Nf6 4. Nc3 Be7 5. Bf4 O-O 6. Rc1 c5 7. dxc5 Qa5 8. e3
Rd8 9. Bd6 dxc4 10. Bxc4 Ne4 11. Qc2 Nxd6 12. cxd6 Bxd6 13. h4 Nd7 14. O-O Ne5
15. Ng5 g6 16. Be2 Be7 17. f4 Nd7 18. Nce4 Qb6 19. Qc3 h6 20. Nxf7 Kxf7 21. f5
gxf5 22. Bc4 Kg6 23. Rf3 Bxh4 24. g4 fxe4 25. Bd3 exd3 26. Rcf1 Qd6 27. Rf7
Qg3+ 28. Kh1 Qh3+ 29. Kg1 Qxe3+ 30. Kg2 Ne5 0-1

[Event "10th Philadelphia Open"]
[Site "Philadelphia"]
[Date "2016.03.24"]
[Round "3"]
[White "Ludwig, John"]
[Black "Paul, Justin"]
[Result "1-0"]
[WhiteElo "2319"]
[BlackElo "2145"]
[PlyCount "61"]
[EventDate "2016.03.??"]
[EventType "swiss"]
[EventRounds "9"]
[EventCountry "USA"]
[Source "MonRoi"]

1. e4 e6 2. d4 d5 3. Nd2 Nf6 4. e5 Nfd7 5. f4 c5 6. c3 Nc6 7. Ndf3 c4 8. b3 b5
9. bxc4 bxc4 10. Ne2 Qa5 11. g4 h5 12. gxh5 Nb6 13. a4 Bd7 14. Bd2 Ne7 15. Ng3
Bxa4 16. Qc1 Qb5 17. Bh3 Qd7 18. O-O g6 19. Bg4 Nf5 20. hxg6 fxg6 21. Kg2 Bb3
22. Rh1 Nh4+ 23. Nxh4 Rxh4 24. h3 Nc8 25. Ra6 Nb6 26. Qa1 Ba4 27. Rb1 Qc6 28.
Rb2 Kf7 29. Ra2 Qb5 30. R2xa4 Nxa4 31. Bxe6+ 1-0

[Event "10th Philadelphia Open"]
[Site "Philadelphia"]
[Date "2016.03.24"]
[Round "3"]
[White "Gutman, Joshua"]
[Black "Kretchetov, Alexandre"]
[Result "1/2-1/2"]
[WhiteElo "2115"]
[BlackElo "2288"]
[PlyCount "116"]
[EventDate "2016.03.??"]
[EventType "swiss"]
[EventRounds "9"]
[EventCountry "USA"]
[Source "MonRoi"]

1. d4 Nf6 2. c4 g6 3. Nc3 Bg7 4. e4 d6 5. Nf3 O-O 6. Be2 Bg4 7. O-O Nfd7 8. Be3
Nc6 9. Qd2 e5 10. dxe5 dxe5 11. Ng5 Bxe2 12. Nxe2 Qe7 13. Nf3 Nc5 14. Nc3 Ne6
15. Nd5 Qd6 16. b4 Ncd4 17. Ng5 Rad8 18. Qb2 c6 19. c5 Qd7 20. Nxe6 Qxe6 21.
Nc3 Rd7 22. Rac1 Rfd8 23. Qa3 a6 24. Qb2 f5 25. f3 Nb5 26. Na4 Rd3 27. Bg5 R8d4
28. Nb6 fxe4 29. a4 Nc7 30. fxe4 h6 31. Bh4 Rxe4 32. Qc2 Qb3 33. Bf6 Qxc2 34.
Rxc2 Nd5 35. Nxd5 Rxd5 36. Rcf2 Rd7 37. Bxg7 Kxg7 38. b5 axb5 39. axb5 cxb5 40.
Rf6 Rc4 41. Re6 Rxc5 42. Rff6 Rc1+ 43. Kf2 Rf7 44. Rxf7+ Kxf7 45. Rxe5 Rb1 46.
Rc5 Ke6 47. Rc7 Rd1 48. Rxb7 Rd5 49. g4 Rg5 50. Kf3 h5 51. h3 hxg4+ 52. hxg4
Rc5 53. Rb6+ Kf7 54. Kf4 Kg7 55. g5 Rf5+ 56. Kg4 Rc5 57. Kf4 Rc4+ 58. Ke5 Rc5+
1/2-1/2

[Event "10th Philadelphia Open"]
[Site "Philadelphia"]
[Date "2016.03.24"]
[Round "3"]
[White "Gorti, Akshita"]
[Black "Helfst, Matt"]
[Result "1-0"]
[WhiteElo "2199"]
[BlackElo "1945"]
[PlyCount "81"]
[EventDate "2016.03.??"]
[EventType "swiss"]
[EventRounds "9"]
[EventCountry "USA"]
[Source "MonRoi"]

1. d4 d5 2. c4 e6 3. Nf3 Be7 4. Nc3 Nf6 5. Bf4 c6 6. e3 O-O 7. Bd3 Nbd7 8. O-O
dxc4 9. Bxc4 b5 10. Bd3 b4 11. Ne4 Nxe4 12. Bxe4 Bb7 13. Rc1 Rc8 14. Ne5 Nxe5
15. Bxe5 Ba6 16. Re1 c5 17. d5 exd5 18. Bxd5 Qb6 19. Qf3 Bd6 20. Bxd6 Qxd6 21.
b3 Rc7 22. e4 Qe5 23. Qe3 Rfc8 24. Red1 Qb2 25. e5 Re7 26. f4 Be2 27. Re1 Bg4
28. Rxc5 Rd8 29. h3 Be6 30. Be4 Rd2 31. Rec1 g6 32. R5c2 Qd4 33. Qxd4 Rxd4 34.
Re1 Red7 35. Kf2 Kg7 36. Kf3 h5 37. g4 f5 38. exf6+ Kxf6 39. Rc6 Kf7 40. Bxg6+
Ke7 41. Rexe6+ 1-0

[Event "10th Philadelphia Open"]
[Site "Philadelphia"]
[Date "2016.03.24"]
[Round "3"]
[White "Friedel, Joshua"]
[Black "Tanenbaum, Zachary"]
[Result "1/2-1/2"]
[WhiteElo "2519"]
[BlackElo "2174"]
[PlyCount "127"]
[EventDate "2016.03.??"]
[EventType "swiss"]
[EventRounds "9"]
[EventCountry "USA"]
[Source "MonRoi"]

1. d4 d5 2. c4 Bf5 3. cxd5 Bxb1 4. Qa4+ c6 5. Rxb1 Qxd5 6. Nf3 Nd7 7. b4 Ngf6
8. e3 e6 9. Qc2 Bd6 10. Bc4 Qh5 11. Be2 Qg6 12. Qxg6 hxg6 13. a3 Ne4 14. Bd3
Ndf6 15. Ne5 a5 16. bxa5 Nc5 17. Bc2 Bxe5 18. dxe5 Nfd7 19. Bd2 Nxe5 20. Ke2
Nc4 21. Bb4 Nd7 22. Bd3 Nde5 23. Bxc4 Nxc4 24. Rhc1 Nxa5 25. Bxa5 Rxa5 26. Rxb7
O-O 27. Rxc6 Rxa3 28. f4 Raa8 29. Rcc7 Rac8 30. Kf3 Rxc7 31. Rxc7 Ra8 32. g4
Rb8 33. h4 Ra8 34. g5 Re8 35. Kg4 Kf8 36. e4 Ra8 37. Rc4 Ra1 38. e5 Rg1+ 39.
Kf3 Rh1 40. Rc8+ Ke7 41. Rh8 Rf1+ 42. Ke3 Rh1 43. Kf2 Rh2+ 44. Kg3 Rh1 45. Kg2
Ra1 46. Rg8 Ra2+ 47. Kg3 Ra1 48. Rxg7 Rg1+ 49. Kf3 Rf1+ 50. Ke3 Kf8 51. Rh7 Kg8
52. Rh6 Kg7 53. Ke4 Rf2 54. Ke3 Rf1 55. h5 Rh1 56. hxg6 Rxh6 57. gxh6+ Kxg6 58.
Kf3 Kxh6 59. Kg4 Kg6 60. f5+ exf5+ 61. Kf4 Kg7 62. Kxf5 Kf8 63. e6 fxe6+ 64.
Kxe6 1/2-1/2

[Event "10th Philadelphia Open"]
[Site "Philadelphia"]
[Date "2016.03.24"]
[Round "3"]
[White "Jacobson, Aaron"]
[Black "Sinha, Sahil"]
[Result "1/2-1/2"]
[WhiteElo "2233"]
[BlackElo "2073"]
[PlyCount "87"]
[EventDate "2016.03.??"]
[EventType "swiss"]
[EventRounds "9"]
[EventCountry "USA"]
[Source "MonRoi"]

1. e4 c5 2. Nf3 d6 3. d4 cxd4 4. Nxd4 Nf6 5. Nc3 Nc6 6. Bg5 e6 7. Qd2 Be7 8.
O-O-O Nxd4 9. Qxd4 a6 10. f3 b5 11. h4 Bb7 12. Bd3 Rc8 13. Kb1 h6 14. Bd2 Qc7
15. Qf2 d5 16. exd5 Nxd5 17. Nxd5 Bxd5 18. Bc3 O-O 19. f4 b4 20. Be5 Bd6 21.
Bxd6 Qxd6 22. f5 Qc5 23. Qf1 e5 24. Rc1 e4 25. Be2 Qa5 26. b3 Rc3 27. f6 Rfc8
28. Qf4 Rxc2 29. Rxc2 Rxc2 30. Kxc2 Qxa2+ 31. Kd1 Bxb3+ 32. Ke1 Qa1+ 33. Kf2
Qxh1 34. Qxe4 gxf6 35. Qg4+ Kh8 36. Qc8+ Kg7 37. Qg4+ Kh8 38. Qxb4 Qb1 39. Qf4
Kg7 40. Qg3+ Kf8 41. Qd6+ Kg7 42. Qg3+ Kf8 43. Qb8+ Kg7 44. Qg3+ 1/2-1/2

[Event "10th Philadelphia Open"]
[Site "Philadelphia"]
[Date "2016.03.25"]
[Round "4.1"]
[White "Chirila, Ioan"]
[Black "Li, Ruifeng"]
[Result "0-1"]
[WhiteElo "2524"]
[BlackElo "2486"]
[PlyCount "64"]
[EventDate "2016.03.??"]
[EventType "swiss"]
[EventRounds "9"]
[EventCountry "USA"]
[Source "MonRoi"]
[WhiteClock "0:00:50"]
[BlackClock "0:29:06"]

1. d4 Nf6 2. c4 e6 3. Nf3 b6 4. Bf4 Bb7 5. e3 Bb4+ 6. Nbd2 O-O 7. h3 d5 8. Be2
dxc4 9. Bxc4 c5 10. dxc5 Bxc5 11. O-O Bd6 12. Bg5 h6 13. Bh4 Nbd7 14. Qe2 Qb8
15. Bb5 g5 16. Nxg5 hxg5 17. Bxg5 Rc8 18. f4 Rc2 19. Rf2 Qf8 20. Qd1 Rac8 21.
Ba4 Rxb2 22. Bxf6 Nxf6 23. Ne4 Nxe4 24. Qg4+ Qg7 25. Rxb2 Qxg4 26. hxg4 Rc3 27.
Rb3 Bc5 28. Re1 Rc4 29. Bb5 Rc2 30. Re2 Rc1+ 31. Kh2 Nc3 32. Rd2 Bd5 0-1

[Event "10th Philadelphia Open"]
[Site "Philadelphia"]
[Date "2016.03.25"]
[Round "4.2"]
[White "Javakhadze, Zurab"]
[Black "Sevian, Samuel"]
[Result "1/2-1/2"]
[WhiteElo "2453"]
[BlackElo "2580"]
[PlyCount "116"]
[EventDate "2016.03.??"]
[EventType "swiss"]
[EventRounds "9"]
[EventCountry "USA"]
[Source "MonRoi"]
[WhiteClock "0:00:11"]
[BlackClock "0:06:31"]

1. Nf3 d5 2. g3 c6 3. Bg2 Bg4 4. d3 Nf6 5. Nbd2 Nbd7 6. h3 Bh5 7. O-O e5 8. e4
dxe4 9. dxe4 Qc7 10. Qe1 Be7 11. Nc4 O-O 12. Bd2 Rfe8 13. a4 Bf8 14. Nh4 Nc5
15. Bc3 Nfd7 16. Bf3 Bxf3 17. Nxf3 b5 18. Ba5 Qb7 19. axb5 cxb5 20. Ncd2 Nf6
21. Bb4 Nd3 22. cxd3 Bxb4 23. Qe2 Qd7 24. Rfc1 Rad8 25. Ne1 Re7 26. h4 Bxd2 27.
Qxd2 Nxe4 28. Qb4 Nd6 29. Rc5 e4 30. dxe4 Rxe4 31. Qd2 Qe7 32. Rd5 Re2 33. Qb4
Re4 34. Qd2 h6 35. Kf1 Nb7 36. Nf3 Qc7 37. Rxd8+ Nxd8 38. Qd5 Rb4 39. Nd4 Qb6
40. Rd1 Ne6 41. Nxe6 Qxe6 42. Qxe6 fxe6 43. Ra1 Ra4 44. Rxa4 bxa4 45. Ke2 Kf7
46. Kd3 Ke7 47. Kd4 Kd6 48. h5 e5+ 49. Kc4 Kc6 50. f3 a6 51. f4 exf4 52. gxf4
Kd6 53. Kd4 Ke6 54. Ke4 Kf6 55. Kf3 Kf5 56. Kg3 Ke4 57. Kg4 a5 58. Kg3 Kd3
1/2-1/2

[Event "10th Philadelphia Open"]
[Site "Philadelphia"]
[Date "2016.03.25"]
[Round "4.3"]
[White "Liang, Awonder"]
[Black "Kadric, Denis"]
[Result "1-0"]
[WhiteElo "2405"]
[BlackElo "2546"]
[PlyCount "93"]
[EventDate "2016.03.??"]
[EventType "swiss"]
[EventRounds "9"]
[EventCountry "USA"]
[Source "MonRoi"]
[WhiteClock "0:04:12"]
[BlackClock "0:15:15"]

1. e4 d6 2. d4 Nf6 3. Nc3 e5 4. Nf3 Nbd7 5. Bc4 Be7 6. O-O O-O 7. Re1 c6 8. a4
a5 9. h3 Nb6 10. Bf1 exd4 11. Nxd4 d5 12. e5 Ne8 13. g3 g6 14. Nce2 Ng7 15. Nf4
Re8 16. h4 Bf8 17. c3 Qc7 18. Nd3 Bd7 19. Bf4 Ne6 20. Nxe6 Bxe6 21. b4 Nd7 22.
Be3 Bf5 23. Bf4 Qc8 24. Qd2 Bg7 25. bxa5 Bxd3 26. Qxd3 Rxa5 27. Bh3 Nc5 28. Qf1
Qa8 29. c4 d4 30. Rad1 d3 31. Be3 Nxa4 32. Rxd3 Raxe5 33. Rb1 f5 34. Bd4 R5e7
35. Bxg7 Kxg7 36. Ra3 Qa5 37. Qd3 Re1+ 38. Bf1 Rxb1 39. Qxb1 b5 40. cxb5 cxb5
41. Rd3 Re7 42. Qa1+ Kh6 43. Qc1+ Kg7 44. Qa1+ Kh6 45. Qf6 Qc7 46. g4 fxg4 47.
Rd5 1-0

[Event "10th Philadelphia Open"]
[Site "Philadelphia"]
[Date "2016.03.25"]
[Round "4.4"]
[White "Indjic, Aleksandar"]
[Black "Mulyar, Michael"]
[Result "1-0"]
[WhiteElo "2542"]
[BlackElo "2398"]
[PlyCount "53"]
[EventDate "2016.03.??"]
[EventType "swiss"]
[EventRounds "9"]
[EventCountry "USA"]
[Source "MonRoi"]
[WhiteClock "0:31:31"]
[BlackClock "0:15:48"]

1. Nf3 d5 2. d3 g6 3. c4 c6 4. Qa4 dxc4 5. Qxc4 Bg7 6. e4 Nf6 7. h3 O-O 8. Be2
Nbd7 9. O-O e5 10. Be3 Nh5 11. Rd1 Qf6 12. Nbd2 Nf4 13. Bf1 Nb6 14. Qc3 Ne6 15.
a4 Nd4 16. a5 Nd7 17. Ra4 c5 18. Rda1 Rb8 19. b4 b5 20. axb6 Nxb6 21. Rxa7 Nb5
22. Qxc5 Nxa7 23. Rxa7 Nd7 24. Qa5 Qc6 25. Nc4 Rb5 26. Qa4 Nb8 27. Nd6 1-0

[Event "10th Philadelphia Open"]
[Site "Philadelphia"]
[Date "2016.03.25"]
[Round "4"]
[White "Balakrishnan, Praveen"]
[Black "Margvelashvili, Giorgi"]
[Result "1/2-1/2"]
[WhiteElo "2377"]
[BlackElo "2532"]
[PlyCount "24"]
[EventDate "2016.03.??"]
[EventType "swiss"]
[EventRounds "9"]
[EventCountry "USA"]
[Source "MonRoi"]

1. e4 c5 2. Nf3 Nc6 3. Nc3 d6 4. d4 cxd4 5. Nxd4 Nf6 6. Bg5 e6 7. Qd2 Be7 8.
O-O-O a6 9. f4 Nxd4 10. Qxd4 b5 11. Bxf6 gxf6 12. Bd3 Qc7 1/2-1/2

[Event "10th Philadelphia Open"]
[Site "Philadelphia"]
[Date "2016.03.25"]
[Round "4"]
[White "Chandra, Akshat"]
[Black "Ostrovskiy, Aleksandr"]
[Result "1-0"]
[WhiteElo "2491"]
[BlackElo "2387"]
[PlyCount "89"]
[EventDate "2016.03.??"]
[EventType "swiss"]
[EventRounds "9"]
[EventCountry "USA"]
[Source "MonRoi"]

1. e4 c6 2. d4 d5 3. e5 c5 4. dxc5 e6 5. Nf3 Nc6 6. a3 f6 7. b4 fxe5 8. Bb5 Qc7
9. Bb2 e4 10. Ne5 Nf6 11. f3 exf3 12. Nxf3 Be7 13. Be5 Qd8 14. Nd4 Bd7 15. Bxc6
bxc6 16. O-O O-O 17. Nd2 Qe8 18. Qe2 Qg6 19. Rae1 a5 20. Bd6 Bxd6 21. cxd6 axb4
22. axb4 e5 23. Qxe5 Rae8 24. Qg3 Qxg3 25. hxg3 Rxe1 26. Rxe1 Ne8 27. Ne6 Bxe6
28. Rxe6 Kf7 29. Re7+ Kg8 30. Rd7 Nf6 31. Rc7 Rd8 32. Rxc6 Ne8 33. c4 Nxd6 34.
c5 Nc4 35. Nxc4 dxc4 36. Rd6 Rxd6 37. cxd6 Kf7 38. Kf2 Ke6 39. Ke3 Kxd6 40. Kd4
c3 41. Kxc3 Kd5 42. Kb3 h5 43. Ka4 Kc6 44. Ka5 Kb7 45. Kb5 1-0

[Event "10th Philadelphia Open"]
[Site "Philadelphia"]
[Date "2016.03.25"]
[Round "4"]
[White "Panchanathan, Magesh"]
[Black "Li, Ben"]
[Result "0-1"]
[WhiteElo "2550"]
[BlackElo "2196"]
[PlyCount "96"]
[EventDate "2016.03.??"]
[EventType "swiss"]
[EventRounds "9"]
[EventCountry "USA"]
[Source "MonRoi"]

1. e4 e5 2. Nf3 Nc6 3. Bb5 a6 4. Ba4 Nf6 5. O-O Be7 6. Re1 b5 7. Bb3 d6 8. c3
O-O 9. d4 Bg4 10. Be3 exd4 11. cxd4 Na5 12. Bc2 c5 13. h3 Bh5 14. Nbd2 Nc6 15.
d5 Ne5 16. g4 Nxf3+ 17. Qxf3 Bg6 18. Qg2 Nxd5 19. f4 h6 20. Nf3 Nxe3 21. Rxe3
Bf6 22. Rd1 Qb6 23. Bb1 c4 24. Rde1 Rfe8 25. f5 Bh7 26. Kh1 Be5 27. R3e2 Kf8
28. Rd1 Rad8 29. h4 f6 30. g5 hxg5 31. hxg5 Bg8 32. Nh4 Bf7 33. g6 Bg8 34. Qf3
Qc5 35. Red2 b4 36. Bc2 Qc6 37. Ng2 Bxb2 38. Ne3 Be5 39. Rd5 Rb8 40. Kg2 b3 41.
axb3 cxb3 42. Bd3 Rb4 43. Rh1 Qa4 44. Bb1 Qa3 45. Qe2 Rd4 46. Rh8 Qc1 47. Bd3
b2 48. Kf3 Rxd3 0-1

[Event "10th Philadelphia Open"]
[Site "Philadelphia"]
[Date "2016.03.25"]
[Round "4"]
[White "Fishbein, Alexander"]
[Black "Ludwig, John"]
[Result "1/2-1/2"]
[WhiteElo "2485"]
[BlackElo "2319"]
[PlyCount "101"]
[EventDate "2016.03.??"]
[EventType "swiss"]
[EventRounds "9"]
[EventCountry "USA"]
[Source "MonRoi"]

1. e4 c5 2. Nf3 d6 3. d4 cxd4 4. Nxd4 Nf6 5. Nc3 a6 6. Be2 e6 7. a4 Nc6 8. Be3
Be7 9. O-O O-O 10. f4 Qc7 11. Kh1 Re8 12. Bf3 Na5 13. Bg1 Bf8 14. g4 Rb8 15.
Bg2 b6 16. g5 Nd7 17. Qe1 Bb7 18. Rf3 g6 19. Qh4 Bg7 20. Rd1 Ba8 21. Rh3 Nf8
22. Qf2 Nc6 23. Nxc6 Bxc6 24. Rhd3 b5 25. axb5 axb5 26. Rxd6 b4 27. Rxc6 Qxc6
28. e5 Qa6 29. Ne4 Red8 30. Nd6 Qa2 31. Qa7 Qxa7 32. Bxa7 Rbc8 33. Rd2 Rd7 34.
Be3 Rb8 35. Bc6 Rc7 36. Be8 h6 37. h4 hxg5 38. hxg5 Nh7 39. Ba4 Nxg5 40. fxg5
Bxe5 41. Ne8 Rc4 42. b3 Rc3 43. Re2 Rbc8 44. Kg2 Rxc2 45. Rxc2 Rxc2+ 46. Kf3
Kf8 47. Ke4 Bb2 48. Nf6 Ke7 49. Ng8+ Kf8 50. Nf6 Ke7 51. Ng8+ 1/2-1/2